Bingo Calls - Statistics

General Stats
  • This quiz has been taken 85 times
  • The average score is 9 of 90
Answer Stats
Number Phrase % Correct
2 Me and You
69%
1 Kellys Eye
63%
88 Two Fat Ladies
54%
13 Unlucky for Some
44%
11 Legs Eleven
42%
7 Lucky
37%
90 Top of the Shop
33%
22 Two Little Ducks
33%
21 Key to the Door
19%
4 Knock at the Door
19%
5 Man Alive
19%
12 One Dozen
19%
16 Sweet Sixteen
19%
3 Cup of Tea
17%
17 Dancing Queen
17%
9 Doctors Orders
17%
89 Nearly There
17%
6 Tom Mix
17%
66 Clickety Click
15%
45 Halfway There
15%
20 One Score
15%
24 Two Dozen
13%
18 Coming of Age
12%
48 Four Dozen
12%
36 Three Dozen
12%
59 Brighton Line
10%
8 Garden Gate
10%
72 Six Dozen
10%
14 Valentines Day
10%
32 Buckle my Shoe
8%
30 Dirty Girty
8%
60 Five Dozen
8%
29 Rise and Shine
8%
55 Snakes Alive
8%
77 Sunset Strip
8%
10 Theresas Den
8%
42 Winnie the Pooh
8%
15 Young and Keen
8%
61 Bakers Bun
6%
38 Christmas Cake
6%
52 Danny La Rue
6%
33 Dirty Knee
6%
25 Duck and Dive
6%
69 Either Way Up
6%
31 Get up and Run
6%
19 Goodbye Teens
6%
40 Naughty Forty
6%
28 Over Weight
6%
49 PC
6%
26 Pick and Mix
6%
84 Seven Dozen
6%
23 Thee and Me
6%
76 Trombones
6%
34 Ask for More
4%
44 Droopy Drawers
4%
57 Heinz Varieties
4%
35 Jump and Jive
4%
58 Make them Wait
4%
37 More than Eleven
4%
68 Saving Grace
4%
85 Staying Alive
4%
70 Three Score and Ten
4%
87 Torquay in Devon
4%
56 Was She Worth It
4%
86 Between the Sticks
2%
43 Down on your Knees
2%
27 Gateway to Heaven
2%
50 Half a Century
2%
78 Heavens Gate
2%
67 Made in Heaven
2%
65 Old Age Pension
2%
79 One More Time
2%
73 Queen B
2%
64 Red Raw
2%
39 Steps
2%
81 Stop and Run
2%
75 Strive and Strive
2%
63 Tickle Me
2%
41 Time for Fun
2%
83 Time for Tea
2%
51 Tweak of the Thumb
2%
46 Up to Tricks
2%
71 Bang on the Drum
0%
74 Candy Store
0%
54 Clean the Floor
0%
80 Eight and Blank
0%
47 Four and Seven
0%
82 Straight on Through
0%
53 Stuck in the Tree
0%
62 Turn the Screw
0%
No matching quizzes found
Score Distribution
Percent of People with Each Score
Percentile by Number Answered
Your Score History
You have not taken this quiz